[Event "URU-ch Semi Final 2020"]
[Site "Montevideo"]
[Date "2020.02.22"]
[Round "1.19"]
[White "Bon, Charles"]
[Black "Dotta, Gian Franco"]
[Result "0-1"]
[WhiteElo "1614"]
[BlackElo "2000"]
[Annotator "TA"]
[PlyCount "102"]
[EventDate "2020.02.22"]
[EventType "swiss"]
[EventCountry "URU"]
[SourceTitle "playchess.com"]
[Source "ChessBase"]
[SourceQuality "1"]

{[%evp 20,102,43,26,45,0,0,15,7,8,8,14,37,-73,26,-164,-85,-81,-78,-111,-72,-61,-8,-9,27,12,17,37,19,0,12,0,0,-46,-56,-29,-47,-118,-112,-131,-75,-71,-50,-43,52,-58,-70,-68,-70,-88,0,-214,-212,-236,-254,-328,-277,-485,-477,-491,-475,-502,-373,-958,-960,-956,-929,-1408,-1399,-1399,-1404,-1319,-1337,-1207,-909,-892,-909,-1111,-1092,-1465,-1416,-29984,-29985,-29988,-29989]} 1. e4 c5 2. Nf3 d6 3. d4 cxd4 4. Nxd4 Nf6 5. Nc3 a6 6. Be3 e5 7. Nb3 Be7 8. f3 Be6 9. Qd2 O-O 10. O-O-O a5 11. a4 Na6 {B90: Sicilian Najdorf: Unusual White 6th moves, 6 Be3 Ng4 and 6 Be3 e5.} 12. Bxa6 Rxa6 {[#]} 13. Kb1 $146 ({Predecessor:} 13. Nd5 Nxd5 14. exd5 Bd7 15. Qc3 Bxa4 16. Bd2 Qd7 17. Na1 Rc8 18. Qa3 Bb5 19. Kb1 {1-0 (28) Ries,B (1914)-Klamp,C (2064) Bad Woerishofen 2014}) 13... Qb8 {The position is equal.} 14. g4 Rc8 15. g5 Nd7 16. h4 {[#]} (16. Nd5 $14 {stays ahead.} Bxd5 17. Qxd5) 16... Nb6 (16... Rac6 $1 $17 17. g6 (17. Nxa5 Rxc3 18. bxc3 b5 $17) 17... fxg6) 17. Nd5 $2 {[#]} (17. Bxb6 $11 Rxb6 18. Nxa5) 17... Bxd5 (17... Nxd5 $1 $19 18. exd5 Bf5) 18. exd5 $17 Nc4 19. Qd3 Nxe3 20. Qxe3 b5 (20... Rc4 $15) 21. Qd3 $11 Rb6 22. Nxa5 {Threatening Nc6.} bxa4 23. Nc6 Qb7 $1 24. Ka1 Bf8 25. Rb1 Ra8 26. h5 Rb3 $1 $36 {[%cal Rb3d3][%mdl 2048] Black has the initiative.} 27. Qc4 Rxf3 {aiming for ...Qb3!} 28. g6 {[#]} (28. Rbf1 $1 $15 Rxf1+ 29. Rxf1) 28... Qb3 $1 $17 {[%mdl 512]} 29. gxf7+ (29. cxb3 axb3+) 29... Kh8 (29... Rxf7 $142 30. Rh4 Qxc4 31. Rxc4 Rf2) 30. Rh4 Qxc4 31. Rxc4 Rh3 (31... g5 $15) 32. Rf1 (32. Ka2 $1 $14) 32... Rxh5 $15 33. Ka2 g6 $1 34. Ka3 Rh3+ (34... Rf5 $17 35. Re1 Rxf7 36. Rxa4 Rf3+ 37. c3 Rc8) 35. Ka2 $2 {White is now going downhill.} (35. c3 $11 {and White stays safe.}) 35... Kg7 $19 36. Rf2 g5 37. c3 h5 38. Ka3 $2 (38. Re4) 38... Rh1 39. Ka2 Kg6 40. Rb4 h4 41. Nb8 $2 (41. Re4) 41... h3 42. Nd7 h2 43. Nf6 {[#]} Ra1+ $1 {[%mdl 576] Decoy, Clearance, Promotion} 44. Kxa1 h1=Q+ 45. Ka2 a3 46. bxa3 Qe1 47. Ne4 Ra5 48. Rf6+ Kg7 49. Rf2 Rxd5 50. Nxg5 Qxf2+ 51. Rb2 Rd2 {Accuracy: White = 43%, Black = 68%.} 0-1

[Event "URU-ch Semi Final 2020"]
[Site "Montevideo"]
[Date "2020.02.22"]
[Round "1.20"]
[White "Durante, Aurelio"]
[Black "Belbey, Juan"]
[Result "1-0"]
[WhiteElo "1955"]
[BlackElo "1611"]
[Annotator "ChessBase"]
[PlyCount "71"]
[EventDate "2020.02.22"]
[EventType "swiss"]
[EventCountry "URU"]
[SourceTitle "playchess.com"]
[Source "ChessBase"]
[SourceQuality "1"]
[TimeControl "5400+30"]

1. e4 {[%emt 0:00:00]} c5 {[%emt 0:00:00]} 2. Nf3 {[%emt 0:00:00]} e6 {[%emt 0:00:13]} 3. c3 {[%emt 0:00:00]} d5 {[%emt 0:00:18]} 4. exd5 {[%emt 0:00:04]} exd5 {[%emt 0:00:12]} 5. d4 {[%emt 0:00:08]} Nc6 {[%emt 0:00:32]} 6. Be2 {[%emt 0:00:24]} Nf6 {[%emt 0:00:33]} 7. O-O {[%emt 0:00:11]} Bd6 {[%emt 0:00:26]} 8. Bg5 {[%emt 0:00:14]} Be6 {[%emt 0:00:23]} 9. Re1 {[%emt 0:01:12]} cxd4 {[%emt 0:00:28]} 10. Nxd4 {[%emt 0:00:46]} h6 {[%emt 0:00:29]} 11. Nxe6 {[%emt 0:01:09]} fxe6 {[%emt 0:00:32]} 12. Bh5+ {[%emt 0:02:20]} Kf8 {[%emt 0:00:21]} 13. Bh4 {[%emt 0:01:07]} g5 {[%emt 0:00:32]} 14. Bg3 {[%emt 0:00:59]} e5 {[%emt 0:00:58]} 15. h4 {[%emt 0:01:10]} Kg7 {[%emt 0:00:38]} 16. b4 {[%emt 0:00:39]} Qb6 {[%emt 0:00:23]} 17. a4 {[%emt 0:00:38]} Ne4 {[%emt 0:00:43]} 18. Rxe4 {[%emt 0:00:27]} dxe4 {[%emt 0:02:30]} 19. Qxd6 {[%emt 0:00:12]} Rh7 {[%emt 0:04:44]} 20. Na3 {[%emt 0:01:04]} Rf8 {[%emt 0:01:35]} 21. Nc4 {[%emt 0:01:25]} Qd8 {[%emt 0:00:51]} 22. Qg6+ {[%emt 0:00:24]} Kh8 {[%emt 0:00:29]} 23. Rd1 {[%emt 0:01:05]} Qf6 {[%emt 0:00:53]} 24. Nxe5 {[%emt 0:03:10]} gxh4 {[%emt 0:00:30]} 25. Qxf6+ {[%emt 0:00:57]} Rxf6 {[%emt 0:00:29]} 26. Bxh4 {[%emt 0:00:43]} Rf5 {[%emt 0:00:22]} 27. Ng6+ {[%emt 0:00:26]} Kg8 {[%emt 0:00:33]} 28. g4 {[%emt 0:00:27]} Rf3 {[%emt 0:00:18]} 29. b5 {[%emt 0:00:27]} Na5 {[%emt 0:02:09]} 30. Rd8+ {[%emt 0:00:15]} Kg7 {[%emt 0:00:24]} 31. Bg3 {[%emt 0:02:19]} Rxg3+ {[%emt 0:01:49]} 32. fxg3 {[%emt 0:00:14]} Kf6 {[%emt 0:00:21]} 33. Rd6+ {[%emt 0:00:56]} Kg5 {[%emt 0:00:45]} 34. Rd5+ {[%emt 0:00:46]} Kf6 {[%emt 0:00:10]} 35. Rf5+ {[%emt 0:00:13]} Ke6 {[%emt 0:00:15]} 36. Nf8+ {[%emt 0:00:09]} 1-0

[Event "URU-ch Semi Final 2020"]
[Site "Montevideo"]
[Date "2020.02.22"]
[Round "1.21"]
[White "Amaral, Francisco"]
[Black "Izquierdo, Sebastian"]
[Result "0-1"]
[WhiteElo "1567"]
[BlackElo "1950"]
[Annotator "ChessBase"]
[PlyCount "104"]
[EventDate "2020.02.22"]
[EventType "swiss"]
[EventCountry "URU"]
[SourceTitle "playchess.com"]
[Source "ChessBase"]
[SourceQuality "1"]
[TimeControl "5400+30"]

1. e4 {[%emt 0:00:00]} c5 {[%emt 0:20:01]} 2. Nf3 {[%emt 0:00:06]} e6 {[%emt 0:01:31]} 3. d4 {[%emt 0:00:56]} cxd4 {[%emt 0:00:05]} 4. Nxd4 {[%emt 0:00:33]} Nc6 {[%emt 0:00:41]} 5. Be3 {[%emt 0:03:17]} Nf6 {[%emt 0:01:48]} 6. Nd2 {[%emt 0:01:53]} Be7 {[%emt 0:03:09]} 7. c3 {[%emt 0:02:30]} O-O {[%emt 0:00:24]} 8. g3 {[%emt 0:05:53]} a6 {[%emt 0:05:43]} 9. Bg2 {[%emt 0:01:01]} Ne5 {[%emt 0:00:33]} 10. h3 {[%emt 0:01:36]} Nd3+ 11. Ke2 {[%emt 0:01:38]} Ne5 {[%emt 0:01:31]} 12. Re1 {[%emt 0:00:49]} d5 {[%emt 0:00:53]} 13. Kf1 {[%emt 0:00:20]} Nd3 14. Re2 {[%emt 0:04:22]} e5 {[%emt 0:07:41]} 15. Nf5 {[%emt 0:02:22]} Bxf5 {[%emt 0:00:47]} 16. exf5 {[%emt 0:00:03]} Qd7 {[%emt 0:04:10]} 17. Nf3 {[%emt 0:01:43]} e4 {[%emt 0:00:52]} 18. Nd4 {[%emt 0:00:14]} Ne5 {[%emt 0:01:45]} 19. a4 {[%emt 0:10:08]} Rac8 {[%emt 0:02:54]} 20. Kg1 {[%emt 0:11:14]} Nc4 {[%emt 0:01:10]} 21. Bg5 {[%emt 0:03:26]} Rfd8 {[%emt 0:03:03]} 22. b3 {[%emt 0:01:29]} Nd6 {[%emt 0:00:47]} 23. Rc1 {[%emt 0:04:42]} Nxf5 {[%emt 0:00:37]} 24. Rd2 {[%emt 0:01:26]} Nxd4 {[%emt 0:00:42]} 25. Rxd4 {[%emt 0:00:24]} Qf5 {[%emt 0:01:21]} 26. Bh4 {[%emt 0:03:06]} Bc5 {[%emt 0:02:57]} 27. g4 {[%emt 0:00:32]} Qe6 {[%emt 0:04:12]} 28. Rd2 {[%emt 0:02:54]} e3 {[%emt 0:03:20]} 29. Re2 {[%emt 0:00:59]} exf2+ {[%emt 0:00:05]} 30. Bxf2 {[%emt 0:00:44]} Bxf2+ {[%emt 0:02:19]} 31. Rxf2 {[%emt 0:05:48]} Ne4 {[%emt 0:00:46]} 32. Rf3 {[%emt 0:03:00]} h6 {[%emt 0:04:11]} 33. b4 {[%emt 0:04:02]} Qb6+ {[%emt 0:02:01]} 34. Kh2 {[%emt 0:00:11]} Qd6+ {[%emt 0:00:50]} 35. Kg1 {[%emt 0:00:39]} Qe5 {[%emt 0:02:18]} 36. Rf5 {[%emt 0:02:26]} Qg3 {[%emt 0:01:54]} 37. Rf3 {[%emt 0:06:28]} Qc7 {[%emt 0:01:05]} 38. Qd4 {[%emt 0:03:58]} Ng5 {[%emt 0:03:49]} 39. Rd3 {[%emt 0:02:32]} Ne6 {[%emt 0:00:11]} 40. Qf2 {[%emt 0:00:28]} d4 {[%emt 0:02:28]} 41. c4 {[%emt 0:00:37]} Nf4 {[%emt 0:02:11]} 42. Rd2 {[%emt 0:01:52]} g5 {[%emt 0:00:45]} 43. Kh1 {[%emt 0:00:49]} d3 {[%emt 0:02:50]} 44. c5 {[%emt 0:02:06]} b6 {[%emt 0:01:12]} 45. Rc4 {[%emt 0:01:00]} bxc5 {[%emt 0:04:21]} 46. Rxc5 {[%emt 0:00:30]} Qd6 {[%emt 0:00:48]} 47. Qe3 {[%emt 0:03:00]} Re8 {[%emt 0:00:42]} 48. Rxc8 {[%emt 0:00:22]} Rxc8 {[%emt 0:00:07]} 49. Rb2 {[%emt 0:01:05]} Rc2 {[%emt 0:02:37]} 50. Rxc2 {[%emt 0:01:13]} dxc2 {[%emt 0:00:08]} 51. Bf3 {[%emt 0:00:10]} Qd1+ {[%emt 0:01:18]} 52. Kh2 {[%emt 0:01:06]} Ne6 {[%emt 0:01:26]} 0-1

[Event "URU-ch Semi Final 2020"]
[Site "Montevideo"]
[Date "2020.02.22"]
[Round "1.22"]
[White "Salguero, Rafael"]
[Black "Cayetano, Juan"]
[Result "1-0"]
[WhiteElo "1906"]
[BlackElo "1543"]
[Annotator "ChessBase"]
[PlyCount "67"]
[EventDate "2020.02.22"]
[EventType "swiss"]
[EventCountry "URU"]
[SourceTitle "playchess.com"]
[Source "ChessBase"]
[SourceQuality "1"]
[TimeControl "5400+30"]

1. d4 {[%emt 0:00:00]} e6 {[%emt 0:00:00]} 2. c4 {[%emt 0:00:00]} d5 {[%emt 0:00:00]} 3. Nc3 {[%emt 0:00:02]} Nf6 4. cxd5 {[%emt 0:00:26]} exd5 {[%emt 0:00:13]} 5. Bg5 {[%emt 0:00:19]} c6 {[%emt 0:00:16]} 6. Qc2 {[%emt 0:01:01]} Be7 {[%emt 0:00:12]} 7. e3 {[%emt 0:00:12]} Ne4 {[%emt 0:01:17]} 8. Nxe4 {[%emt 0:00:42]} Bxg5 {[%emt 0:00:21]} 9. Nxg5 {[%emt 0:01:11]} Qxg5 {[%emt 0:00:08]} 10. Nf3 {[%emt 0:00:12]} Qg6 {[%emt 0:00:34]} 11. Qxg6 {[%emt 0:01:39]} hxg6 {[%emt 0:00:17]} 12. b4 {[%emt 0:00:56]} Nd7 {[%emt 0:00:45]} 13. b5 {[%emt 0:00:49]} c5 {[%emt 0:01:26]} 14. dxc5 {[%emt 0:01:23]} Nxc5 {[%emt 0:00:13]} 15. Rd1 {[%emt 0:01:01]} Be6 {[%emt 0:00:27]} 16. Ng5 {[%emt 0:01:14]} Rd8 {[%emt 0:01:51]} 17. Nxe6 {[%emt 0:00:32]} Nxe6 {[%emt 0:00:12]} 18. Be2 {[%emt 0:02:52]} O-O {[%emt 0:00:49]} 19. Bf3 {[%emt 0:00:46]} d4 {[%emt 0:01:35]} 20. Bxb7 {[%emt 0:01:05]} Nc5 {[%emt 0:00:31]} 21. Bc6 {[%emt 0:03:41]} dxe3 {[%emt 0:00:24]} 22. fxe3 {[%emt 0:00:49]} Nd3+ {[%emt 0:01:55]} 23. Ke2 {[%emt 0:01:06]} Nb4 {[%emt 0:01:15]} 24. Rb1 {[%emt 0:02:38]} Nxa2 {[%emt 0:09:30]} 25. Rb3 {[%emt 0:00:27]} a5 {[%emt 0:00:21]} 26. bxa6 Rc8 {[%emt 0:00:50]} 27. Ra1 {[%emt 0:03:41]} Rxc6 {[%emt 0:00:58]} 28. Rxa2 {[%emt 0:00:07]} Ra8 {[%emt 0:00:55]} 29. a7 {[%emt 0:00:15]} Rcc8 {[%emt 0:00:19]} 30. Rb7 {[%emt 0:00:44]} Kf8 {[%emt 0:01:45]} 31. Rab2 {[%emt 0:00:19]} Ke8 {[%emt 0:00:57]} 32. Rb8 {[%emt 0:00:14]} Ke7 {[%emt 0:00:16]} 33. Rxc8 {[%emt 0:00:28]} Rxc8 {[%emt 0:00:24]} 34. Rb8 {[%emt 0:00:18]} 1-0

[Event "URU-ch Semi Final 2020"]
[Site "Montevideo"]
[Date "2020.02.22"]
[Round "1.23"]
[White "Blanco, Rudemar Ernesto"]
[Black "Avedisian, Alexander"]
[Result "1/2-1/2"]
[WhiteElo "1470"]
[BlackElo "1892"]
[Annotator "NA"]
[PlyCount "117"]
[EventDate "2020.02.22"]
[EventType "swiss"]
[EventCountry "URU"]
[SourceTitle "playchess.com"]
[Source "ChessBase"]
[SourceQuality "1"]
[TimeControl "5400+30"]

1. d4 Nf6 2. Bf4 g6 3. Nc3 Bg7 4. e4 {[%emt 0:01:04]} d5 {[%emt 0:02:59]} 5. Nb5 {[%emt 0:05:01]} Na6 {[%emt 0:01:14]} 6. e5 {[%emt 0:01:12]} Nd7 {[%emt 0:08:38]} 7. Qd2 {[%emt 0:05:39]} c6 {[%emt 0:00:33]} 8. Na3 {[%emt 0:01:23]} O-O {[%emt 0:03:03]} 9. Bh6 {[%emt 0:01:45]} e6 {[%emt 0:12:41]} 10. Bxg7 {[%emt 0:01:24]} Kxg7 {[%emt 0:00:08]} 11. f4 {[%emt 0:05:34]} Qh4+ {[%emt 0:10:46]} 12. g3 {[%emt 0:01:07]} Qh6 {[%emt 0:00:22]} 13. Nf3 {[%emt 0:05:53]} f6 {[%emt 0:00:52]} 14. Be2 {[%emt 0:00:30]} fxe5 {[%emt 0:00:54]} 15. fxe5 {[%emt 0:00:26]} Nc7 {[%emt 0:06:33]} 16. Qxh6+ Kxh6 17. O-O {[%emt 0:05:57]} b6 {[%emt 0:02:12]} 18. Nh4 {[%emt 0:02:06]} Ba6 {[%emt 0:00:53]} 19. Bxa6 {[%emt 0:00:21]} Nxa6 {[%emt 0:00:07]} 20. c3 {[%emt 0:00:12]} c5 {[%emt 0:01:15]} 21. Rxf8 {[%emt 0:03:01]} Rxf8 {[%emt 0:00:11]} 22. Rf1 {[%emt 0:01:49]} Rxf1+ {[%emt 0:10:51]} 23. Kxf1 {[%emt 0:00:25]} g5 {[%emt 0:01:31]} 24. Ng2 {[%emt 0:01:03]} cxd4 {[%emt 0:00:19]} 25. cxd4 {[%emt 0:00:14]} Nb4 {[%emt 0:00:24]} 26. Nb5 {[%emt 0:00:14]} Nc6 {[%emt 0:00:25]} 27. Kf2 {[%emt 0:03:01]} a6 {[%emt 0:01:17]} 28. Nc7 {[%emt 0:00:22]} Nxd4 {[%emt 0:00:36]} 29. h4 {[%emt 0:04:08]} a5 {[%emt 0:01:15]} 30. hxg5+ {[%emt 0:00:53]} Kxg5 {[%emt 0:00:12]} 31. Nf4 {[%emt 0:00:19]} Nc5 {[%emt 0:04:12]} 32. Ke3 {[%emt 0:01:22]} Nf5+ {[%emt 0:00:49]} 33. Kf3 {[%emt 0:00:20]} Ng7 {[%emt 0:02:18]} 34. g4 {[%emt 0:06:23]} a4 {[%emt 0:09:53]} 35. Nb5 {[%emt 0:03:40]} h5 {[%emt 0:02:51]} 36. Nxh5 {[%emt 0:03:52]} Nxh5 {[%emt 0:00:29]} 37. gxh5 {[%emt 0:00:07]} Kxh5 {[%emt 0:00:29]} 38. Ke3 {[%emt 0:00:16]} Kg5 {[%emt 0:01:06]} 39. Nd4 {[%emt 0:00:52]} Kg6 {[%emt 0:02:30]} 40. Nb5 {[%emt 0:05:40]} Kf5 {[%emt 0:00:37]} 41. Kd4 {[%emt 0:00:52]} Ne4 {[%emt 0:06:19]} 42. Nd6+ {[%emt 0:04:50]} Kf4 {[%emt 0:01:09]} 43. Nb5 {[%emt 0:00:24]} Ng5 {[%emt 0:01:01]} 44. Nc7 {[%emt 0:02:24]} Nf3+ {[%emt 0:00:21]} 45. Kc3 {[%emt 0:00:48]} Kxe5 {[%emt 0:02:11]} 46. Nb5 {[%emt 0:00:29]} Ke4 {[%emt 0:01:26]} 47. Kb4 {[%emt 0:01:50]} d4 {[%emt 0:03:39]} 48. Kxa4 {[%emt 0:01:31]} Ng1 {[%emt 0:00:24]} 49. Nd6+ {[%emt 0:01:06]} Ke3 50. Nc4+ {[%emt 0:00:48]} Ke2 {[%emt 0:01:09]} 51. Nxb6 {[%emt 0:00:39]} d3 {[%emt 0:00:28]} 52. Nc4 {[%emt 0:00:17]} d2 {[%emt 0:00:50]} 53. Nxd2 {[%emt 0:00:27]} Kxd2 {[%emt 0:00:06]} 54. b4 {[%emt 0:00:05]} Nf3 55. b5 Ne5 {[%emt 0:01:58]} 56. Kb4 {[%emt 0:01:18]} Kd3 {[%emt 0:00:37]} 57. Kc5 {[%emt 0:00:31]} Nc4 {[%emt 0:00:14]} 58. b6 {[%emt 0:00:58]} Nxb6 {[%emt 0:00:53]} 59. Kd6 {[%emt 0:01:04]} 1/2-1/2

[Event "URU-ch Semi Final 2020"]
[Site "Montevideo"]
[Date "2020.02.22"]
[Round "2.1"]
[White "Lopez Falcon, Jorge"]
[Black "Lopez Azambuja, Nicolas"]
[Result "1/2-1/2"]
[WhiteElo "2119"]
[BlackElo "2310"]
[Annotator "NA"]
[PlyCount "138"]
[EventDate "2020.02.22"]
[EventType "swiss"]
[EventCountry "URU"]
[SourceTitle "playchess.com"]
[Source "ChessBase"]
[SourceQuality "1"]
[TimeControl "5400+30"]

1. d4 {[%emt 0:02:24]} Nf6 {[%emt 0:00:00]} 2. c4 {[%emt 0:00:20]} e6 {[%emt 0:00:00]} 3. Nf3 {[%emt 0:00:08]} Bb4+ {[%emt 0:00:00]} 4. Nbd2 {[%emt 0:00:20]} O-O {[%emt 0:00:12]} 5. a3 {[%emt 0:00:18]} Be7 {[%emt 0:00:07]} 6. e4 {[%emt 0:00:15]} d6 {[%emt 0:00:28]} 7. Bd3 {[%emt 0:11:50]} c5 {[%emt 0:00:26]} 8. O-O {[%emt 0:01:21]} cxd4 {[%emt 0:10:28]} 9. Nxd4 {[%emt 0:01:27]} b6 {[%emt 0:00:39]} 10. b4 {[%emt 0:03:58]} Bb7 {[%emt 0:01:45]} 11. Qe2 {[%emt 0:03:39]} Nbd7 {[%emt 0:05:12]} 12. Bb2 {[%emt 0:07:01]} Ne5 {[%emt 0:02:08]} 13. Bc2 {[%emt 0:00:57]} Ng6 {[%emt 0:00:09]} 14. g3 {[%emt 0:15:10]} Rc8 $14 {[%emt 0:08:22]} 15. Rac1 {[%emt 0:03:28]} Re8 {[%emt 0:06:48]} 16. Ba4 {[%emt 0:00:23]} Rf8 {[%emt 0:05:16]} 17. f4 {[%emt 0:02:10]} Qc7 {[%emt 0:11:24]} 18. f5 {[%emt 0:01:56]} exf5 {[%emt 0:01:38]} 19. Nxf5 {[%emt 0:01:41]} Ne5 {[%emt 0:01:52]} 20. Ne3 {[%emt 0:13:31]} Qd8 {[%emt 0:05:42]} 21. Bxe5 {[%emt 0:01:51]} dxe5 {[%emt 0:00:07]} 22. Nd5 {[%emt 0:00:14]} a5 {[%emt 0:07:27]} 23. Nf3 {[%emt 0:07:02]} axb4 {[%emt 0:07:02]} 24. axb4 {[%emt 0:01:19]} Qd6 {[%emt 0:00:26]} 25. Qb2 {[%emt 0:06:09]} Bxd5 {[%emt 0:06:13]} 26. cxd5 {[%emt 0:01:50]} Qxb4 {[%emt 0:03:35]} 27. Qxb4 {[%emt 0:00:39]} Bxb4 {[%emt 0:00:02]} 28. Nxe5 {[%emt 0:01:02]} Bc5+ {[%emt 0:01:16]} 29. Kg2 {[%emt 0:00:46]} Nxe4 {[%emt 0:00:53]} 30. Bc6 {[%emt 0:02:40]} Nf6 {[%emt 0:05:46]} 31. Rfd1 {[%emt 0:03:19]} Rfd8 {[%emt 0:01:22]} 32. Rb1 {[%emt 0:00:40]} Ne4 {[%emt 0:02:15]} 33. Rdc1 {[%emt 0:01:01]} Rc7 {[%emt 0:00:38]} 34. Nc4 {[%emt 0:02:43]} Rb8 {[%emt 0:02:45]} 35. Rc2 {[%emt 0:00:21]} Nd6 {[%emt 0:00:54]} 36. Ne5 {[%emt 0:00:22]} Rd8 {[%emt 0:00:35]} 37. Nd7 {[%emt 0:00:38]} Ra7 {[%emt 0:02:21]} 38. Nxb6 {[%emt 0:00:33]} Bxb6 {[%emt 0:00:29]} 39. Rxb6 {[%emt 0:00:02]} g6 {[%emt 0:00:13]} 40. Re2 {[%emt 0:00:31]} h5 {[%emt 0:01:00]} 41. Rb4 {[%emt 0:00:34]} Kf8 {[%emt 0:00:16]} 42. Kf2 {[%emt 0:00:19]} Re7 {[%emt 0:00:22]} 43. Rxe7 Kxe7 {[%emt 0:00:01]} 44. Ra4 {[%emt 0:00:41]} f5 {[%emt 0:00:30]} 45. Ra2 {[%emt 0:00:36]} Kf6 {[%emt 0:00:11]} 46. Kf3 {[%emt 0:00:22]} Rb8 {[%emt 0:00:33]} 47. Re2 {[%emt 0:02:21]} Ne4 {[%emt 0:00:21]} 48. d6 {[%emt 0:00:34]} Nxd6 {[%emt 0:00:24]} 49. Bd5 {[%emt 0:00:08]} Re8 {[%emt 0:02:16]} 50. Rxe8 {[%emt 0:00:21]} Nxe8 {[%emt 0:00:01]} 51. h4 {[%emt 0:00:31]} Nc7 {[%emt 0:00:09]} 52. Bc4 {[%emt 0:00:18]} Ke5 {[%emt 0:00:29]} 53. Bf7 {[%emt 0:00:12]} Kf6 {[%emt 0:00:04]} 54. Bc4 {[%emt 0:00:07]} Ne8 {[%emt 0:00:28]} 55. Kf4 {[%emt 0:00:13]} Nd6 {[%emt 0:00:07]} 56. Bd5 {[%emt 0:00:18]} Nb5 {[%emt 0:00:15]} 57. Bc6 {[%emt 0:00:45]} Nc3 {[%emt 0:00:13]} 58. Kf3 {[%emt 0:00:17]} Ke5 {[%emt 0:01:13]} 59. Be8 {[%emt 0:00:19]} Kf6 {[%emt 0:00:04]} 60. Bc6 {[%emt 0:00:06]} Na2 {[%emt 0:00:36]} 61. Kf4 {[%emt 0:00:34]} Nb4 {[%emt 0:00:07]} 62. Be8 {[%emt 0:00:46]} Nd3+ {[%emt 0:01:00]} 63. Ke3 {[%emt 0:00:31]} Nc5 {[%emt 0:00:25]} 64. Kf4 {[%emt 0:00:32]} Ne6+ {[%emt 0:00:05]} 65. Kf3 {[%emt 0:00:15]} Ng7 {[%emt 0:00:07]} 66. Ba4 {[%emt 0:00:19]} g5 {[%emt 0:00:12]} 67. hxg5+ {[%emt 0:00:18]} Kxg5 {[%emt 0:00:02]} 68. Bd7 {[%emt 0:00:12]} Kg6 {[%emt 0:02:55]} 69. Kf4 {[%emt 0:00:36]} Kf6 {[%emt 0:00:14]} 1/2-1/2

[Event "URU-ch Semi Final 2020"]
[Site "Montevideo"]
[Date "2020.02.22"]
[Round "2.2"]
[White "Michailov, Matias"]
[Black "Guerrero, Alvaro"]
[Result "1-0"]
[WhiteElo "2262"]
[BlackElo "2094"]
[Annotator "NA"]
[PlyCount "119"]
[EventDate "2020.02.22"]
[EventType "swiss"]
[EventCountry "URU"]
[SourceTitle "playchess.com"]
[Source "ChessBase"]
[SourceQuality "1"]
[TimeControl "5400+30"]

1. e4 {[%emt 0:01:35]} c6 {[%emt 0:04:23]} 2. d4 {[%emt 0:01:25]} d5 {[%emt 0:00:04]} 3. e5 {[%emt 0:00:29]} Bf5 {[%emt 0:00:09]} 4. h4 {[%emt 0:01:11]} h5 {[%emt 0:00:16]} 5. c4 {[%emt 0:00:25]} e6 {[%emt 0:00:27]} 6. Nc3 {[%emt 0:00:15]} dxc4 {[%emt 0:01:22]} 7. Bxc4 {[%emt 0:01:07]} Be7 {[%emt 0:00:38]} 8. Be3 {[%emt 0:20:06]} Nh6 {[%emt 0:00:53]} 9. Qd2 {[%emt 0:02:01]} Nd7 {[%emt 0:13:20]} 10. Nge2 {[%emt 0:06:47]} Nb6 {[%emt 0:04:04]} 11. Bb3 {[%emt 0:00:33]} a5 {[%emt 0:01:14]} 12. a3 {[%emt 0:03:53]} a4 {[%emt 0:08:28]} 13. Ba2 $11 {[%emt 0:00:20]} Ng4 {[%emt 0:11:52]} 14. Bg5 {[%emt 0:06:45]} f6 {[%emt 0:08:01]} 15. exf6 {[%emt 0:02:00]} gxf6 {[%emt 0:00:25]} 16. Bf4 {[%emt 0:10:49]} e5 {[%emt 0:00:42]} 17. Bg3 {[%emt 0:03:27]} Bf8 {[%emt 0:04:47]} 18. O-O {[%emt 0:07:44]} Rh7 {[%emt 0:01:52]} 19. Qe1 {[%emt 0:05:21]} Re7 {[%emt 0:02:48]} 20. Rd1 {[%emt 0:00:54]} Qc8 {[%emt 0:03:11]} 21. dxe5 {[%emt 0:11:30]} fxe5 {[%emt 0:00:09]} 22. Qd2 {[%emt 0:00:49]} Bh6 {[%emt 0:10:48]} 23. Qe1 {[%emt 0:03:07]} Nd7 {[%emt 0:04:49]} 24. Rd6 {[%emt 0:03:38]} Qc7 {[%emt 0:02:02]} 25. Rxh6 {[%emt 0:02:22]} Nxh6 {[%emt 0:00:05]} 26. Qd2 {[%emt 0:00:18]} Nf7 {[%emt 0:04:32]} 27. Nd4 {[%emt 0:01:39]} Bg6 {[%emt 0:02:45]} 28. Ne6 {[%emt 0:01:29]} Qb6 {[%emt 0:03:37]} 29. Kh1 {[%emt 0:00:55]} Nc5 {[%emt 0:02:21]} 30. Qe3 {[%emt 0:01:17]} Qa6 {[%emt 0:02:44]} 31. Qxc5 {[%emt 0:00:21]} Qxf1+ {[%emt 0:00:05]} 32. Kh2 {[%emt 0:00:04]} Qd3 {[%emt 0:01:42]} 33. Bb1 {[%emt 0:00:47]} Qd6 {[%emt 0:00:42]} 34. Qxd6 {[%emt 0:00:41]} Nxd6 {[%emt 0:00:03]} 35. Bxg6+ {[%emt 0:00:07]} Kd7 {[%emt 0:00:09]} 36. Nc5+ {[%emt 0:00:56]} Kd8 {[%emt 0:00:29]} 37. N5xa4 {[%emt 0:00:31]} Nc4 {[%emt 0:01:06]} 38. Bxh5 {[%emt 0:00:23]} b5 {[%emt 0:00:35]} 39. Be2 {[%emt 0:00:22]} Nd6 {[%emt 0:00:21]} 40. Nc5 {[%emt 0:00:19]} Nf5 {[%emt 0:00:05]} 41. Bf3 {[%emt 0:00:53]} Kc7 {[%emt 0:00:19]} 42. Be4 {[%emt 0:00:44]} Nxg3 {[%emt 0:00:06]} 43. Kxg3 {[%emt 0:00:19]} Kb6 {[%emt 0:00:31]} 44. Nd3 {[%emt 0:00:23]} Rd8 {[%emt 0:01:02]} 45. Kf3 {[%emt 0:00:11]} Kc7 {[%emt 0:01:17]} 46. Ke3 {[%emt 0:00:21]} Kd6 {[%emt 0:00:21]} 47. h5 {[%emt 0:00:30]} Rh8 {[%emt 0:00:29]} 48. g4 {[%emt 0:00:32]} Rf7 {[%emt 0:00:13]} 49. Bxc6 {[%emt 0:00:41]} b4 {[%emt 0:00:49]} 50. axb4 {[%emt 0:00:15]} Rf4 {[%emt 0:00:23]} 51. Nxf4 {[%emt 0:00:26]} exf4+ {[%emt 0:00:03]} 52. Kxf4 {[%emt 0:00:06]} Kxc6 {[%emt 0:00:01]} 53. Kf5 {[%emt 0:00:58]} Rf8+ {[%emt 0:00:16]} 54. Kg5 {[%emt 0:00:49]} Rxf2 {[%emt 0:00:06]} 55. h6 {[%emt 0:00:09]} Kd7 {[%emt 0:01:02]} 56. h7 {[%emt 0:00:38]} Rh2 {[%emt 0:00:17]} 57. Kg6 {[%emt 0:00:05]} Ke7 {[%emt 0:00:28]} 58. b5 {[%emt 0:00:14]} Rh4 {[%emt 0:00:18]} 59. g5 {[%emt 0:00:08]} Rh2 {[%emt 0:00:19]} 60. b6 {[%emt 0:00:09]} 1-0